| 000 | 00783nam a22001337a 4500 | ||
|---|---|---|---|
| 040 | _cRUA | ||
| 082 | _aLMA NAK 2015 B529 Or.1 | ||
| 100 | _aNAK SREYKUNTHY; ណាក ស្រីគន្ធី | ||
| 245 | _aStudy on impact of informal land transaction in taing samrong commune, phnom sruoch district, kampong speu province; សិក្សាពីផលប៉ះពាល់នៃការផ្ទេរសិទ្ធិលើអចលវត្ថុក្រៅផ្លូវការរបស់ប្រជាពលរដ្ឋនៅឃុំតាំងសំរោង ស្រុកភ្នំស្រួច ខេត្តកំពង់ស្ពឺ | ||
| 260 |
_aPHNOM PENH _bNAK _c2015 |
||
| 300 |
_axii;41p. _bill. _c29cm. |
||
| 856 | _uNAK SREYKUNTHY | ||
| 942 | _cLMA | ||
| 999 |
_c10815 _d10815 |
||